Представление документа в формате RUSMARC

ПолеНазваниеЗначение
  Тип записи a
  Библиографический уровень m
001 Контрольный номер RU/IS/BASE/406890113
005 Дата корректировки 20201206204840.8
010 Индекс ISBN __
a ISBN 978-5-235-03520-1
d Цена 330-00
101 Язык документа 0_
a Язык текста rus
200 Заглавие и сведения об ответственности 1_
a Заглавие Княгиня Ольга
f Первые сведения об ответственности Алексей Карпов
b Общее обозначение материала Текст
205 Сведения об издании __
a Основные сведения об издании [Изд. 2-е]
210 Выходные данные __
a Место издания М.
c Издательство Молодая гвардия
d Дата издания 2012
215 Физическое описание __
a Объем 374, [2] с.
c Иллюстрации/тип воспроизводства ил., карт., [16] л. ил., портр., факс.
d Формат 21
225 Серия __
a Серия Жизнь замечательных людей: Серия биографий
v Обозначение тома вып. 1363
320 Библиография __
a Библиография Библиогр. в тексте примеч. и в подстроч. примеч.
320 Библиография __
a Библиография Указатели: имен, древнерус. письм. источников: с. 365-375
330 Аннотация __
a Аннотация Книга посвящена биографии киевской княгини Ольги, первой на Руси правительницы-христианки, жившей в X веке. Вместе с вышедшими ранее в серии "Жизнь замечательных людей" биографиями князей Владимира Святого и Ярослава Мудрого она образует своего рода трилогию, в центре которой - Крещение Руси и образование Древнерусского государства. В Приложении к книге печатаются ранние редакции Жития княгини Ольги. Некоторые тексты впервые введены автором в научный оборот.
600 Персоналии __
a Персоналии (Фамилия) Ольга
c Дополнение к имени великая княгиня Киевская
f Даты 890 - 969
606 Тематические рубрики __
a Основная рубрика История
606 Тематические рубрики __
a Основная рубрика Россия в IX - XVII вв.
z Хронологическая подрубрика 10 в.
y Географическая подрубрика Киевская Русь; Древнерусское государство
610 Ключевые слова __
a Ключевые слова персоналии; княгини; биографии; государственная деятельность; крещение Руси
686 Индексы других классификаций __
a Классификационный индекс 63.3(2)411-8
700 Автор _1
a Фамилия Карпов
b Имя А. Ю.
c Титул (звания) историк
g Полное личное имя Алексей Юрьевич
4 Код отношения 070
801 Источник записи _0
a Страна RU
b Организация Муниципальное бюджетное учреждение культуры "Централизованная библиотечная система" г. Сургут (Центральная городская библиотека им. А. С. Пушкина)
g Правила каталогизации КиК/Елгина
801 Источник записи _1
a Страна RU
b Организация Муниципальное бюджетное учреждение культуры "Централизованная библиотечная система" г. Сургут (Центральная городская библиотека им. А. С. Пушкина)
g Правила каталогизации КиК/Елгина
852 Данные о местонахождении __
j Шифр хранения 63.3(2)411-8
i Авторский знак К 26
901 Тип документа __
t Тип документа m
903 Характеристики (МАРС) __
a Дата передачи 20121121
990 Данные о заказе (DOS) __
j Количество экземпляров (DOS) 5
t N записи в КСУ для И/У (DOS) 201211